Формирование стратегической компетенции учащихся в процессе обучения чтению (Запись № 1279485)

Подробности
000 -МАРКЕР
контрольное поле 01852nam0a2200337 4500
001 - ИДЕНТИФИКАТОР ЗАПИСИ
контрольное поле RU\NLR\bibl\828520
005 - ИДЕНТИФИКАТОР ВЕРСИИ
контрольное поле 20260406002650.0
020 ## - НОМЕР ДОКУМЕНТА В НАЦИОНАЛЬНОЙ БИБЛИОГРАФИИ
Код страны Российская Федерация
Номер 05-05308
Основное заглавие издания Российской книжной палаты Летопись авторефератов диссертаций
021 ## - НОМЕР ГОСУДАРСТВЕННОЙ РЕГИСТРАЦИИ
Код страны Российская Федерация
Номер 2005-910а
Номер Листа государственной регистраци 037а
035 ## - ДРУГИЕ СИСТЕМНЫЕ НОМЕРА
Идентификатор записи (NLR Aleph) 000817401
100 ## - ДАННЫЕ ОБЩЕЙ ОБРАБОТКИ
Данные общей обработки 20050628d2004 u u0rusy50 ca
101 0# - ЯЗЫК РЕСУРСА
Язык текста, звукозаписи и т.д. русский
102 ## - СТРАНА ПУБЛИКАЦИИ ИЛИ ПРОИЗВОДСТВА
Страна публикации Российская Федерация
105 ## - ПОЛЕ КОДИРОВАННЫХ ДАННЫХ: ТЕКСТОВЫЕ МАТЕРИАЛЫ, МОНОГРАФИЧЕСКИЕ
Кодированные данные о монографическом текстовом документе y dm |||||
200 1# - ЗАГЛАВИЕ И СВЕДЕНИЯ ОБ ОТВЕТСТВЕННОСТИ
Основное заглавие Формирование стратегической компетенции учащихся в процессе обучения чтению
Сведения, относящиеся к заглавию (Нем. яз. в лицеях и гимназиях)
-- автореф. дис. на соиск. учен. степ. к.п.н.
-- спец. 13.00.02
Первые сведения об ответственности Кузнецова Галина Александровна
Последующие сведения об ответственности [Моск. гос. лингвист. ун-т]
210 ## - ПУБЛИКАЦИЯ, РАСПРОСТРАНЕНИЕ И ДР.
Место издания, распространения и т.д. Москва
Дата издания, распространения и т.д. 2004
215 ## - ФИЗИЧЕСКАЯ ХАРАКТЕРИСТИКА
Специфическое обозначение материала и объем 23 с.
Размеры 21
320 ## - ПРИМЕЧАНИЯ О НАЛИЧИИ В ДОКУМЕНТЕ БИБЛИОГРАФИИ / УКАЗАТЕЛЯ
Текст примечания Библиогр.: с.22-23 (4 назв.)
675 ## - УНИВЕРСАЛЬНАЯ ДЕСЯТИЧНАЯ КЛАССИФИКАЦИЯ (UDC/УДК)
Индекс 373.5.016:811.112.2
Издание 3
Язык издания rus
686 ## - ИНДЕКСЫ ДРУГИХ КЛАССИФИКАЦИЙ
Индекс 14.23
Код системы
686 ## - ИНДЕКСЫ ДРУГИХ КЛАССИФИКАЦИЙ
Индекс 74
Код системы
686 ## - ИНДЕКСЫ ДРУГИХ КЛАССИФИКАЦИЙ
Индекс 13.00.02
Код системы
700 #1 - ИМЯ ЛИЦА - ПЕРВИЧНАЯ ОТВЕТСТВЕННОСТЬ
Код отношения Автор
Графика поля Кириллица
Материалы, к которым относится поле rus
Начальный элемент ввода Кузнецова
Часть имени, кроме начального элемента ввода Г. А.
Дополнения к именам, кроме дат канд. пед. наук, нем. язык
Расширение инициалов личного имени Галина Александровна
Системный номер авторитетной/нормативной записи 95129
Идентификатор авторитетной/нормативной записи RU\NLR\auth\77112204
801 #0 - ИСТОЧНИК ЗАПИСИ
Страна Российская Федерация
Организация RKP
Дата составления 20050628
Правила каталогизации PSBO
801 #1 - ИСТОЧНИК ЗАПИСИ
Страна Российская Федерация
Организация RKP
Дата составления 20050628
801 #2 - ИСТОЧНИК ЗАПИСИ
Страна Российская Федерация
Организация NLR
Дата составления 20120522
Правила каталогизации rcr
901 ## - ДАННЫЕ ОБ ОБЪЕКТЕ ОЦИФРОВКИ
-- Авторефераты
942 ## - ДОПОЛНИТЕЛЬНЫЕ ЭЛЕМЕНТЫ ЗАПИСИ (АБИС)
Тип экземпляра АБИС Книга
981 10 - КОЛЛЕКЦИЯ ЭЛЕКТРОННОЙ БИБЛИОТЕКИ
Название коллекции Авторефераты
Название подколлекции
--

Нет доступных экземпляров.